Регионална библиотека "Любен Каравелов" - Русе

Кратко обозрение върху литературната и обществената деятелност на Георги Сава Стойков Раковски (Запис номер 117269)

MARC детайли
000 -Лидер
Контролно поле с фиксирана дължина 03197nam a2200541 c 4500
003 - Код на организацията, давaща контролен номер
Контролно поле BLK
005 - Дата и час на последна редакция
Контролно поле 20250123095639.0
008 - Елементи от данни с фиксирана дължина
fixed length control field 180409b bul|||||r ||||||| ||bul||
010 ## - Наследен системен номер
LC control number KNG00122855000
040 ## - Източник на каталожния запис
Идентификатор на билиотеката - собственик на записа BLK
041 ## - Код за език
Код за езика на текст/звукозапис или на отделно заглавие Български
Код за езика КДБФ Български
072 #7 - Код за тематичната категория
Код организация bullib
Код за тематична категория К
Текст Краезнание
072 #7 - Код за тематичната категория
Код организация bullib
Код за тематична категория Ц
Текст Редки и ценни
080 ## - УДК
Текстов определител УДК Националноосвободителното движение в България (1856-1877)
УДК код - определител по УДК 94(497.2)"1856/1877"
УДК определител (092)
УДК - код + определител 94(497.2)"1856/1877"(092)
080 ## - УДК
Текстов определител УДК Българска литература
УДК код - определител по УДК 821.163.2
УДК определител (092)
УДК - код + определител 821.163.2(092)
080 ## - УДК
Текстов определител УДК Съби Стойков Попович. Български революционер и възрожденец, революционен демократ, публицист, журналист, историк и етнограф
УДК код - определител по УДК 929 Раковски, Георги Сава
УДК - код + определител 929 Раковски, Георги Сава
139 ## - Редно поле
Редна дума Адженов, Иван Попалексов
Авторски знак Адж - А 29
245 10 - Сведения за заглавието
Заглавие Кратко обозрение върху литературната и обществената деятелност на Георги Сава Стойков Раковски
Подзаглавни данни Свит. 1 - 2
Редно поле (дума) наредил Иван Попалексов Адженов.
Том Свит. 1
257 ## - Страна на издаване
Страна на създаване/издаване България
260 ## - Област на издателските данни
Име на издателя, разпространителя и проч. Изд. авт.
Година на издаване 1896
Печатница Русе : типо-хромо литогр. на Дробняк Кръстев
Място на издаване, разпространение и проч. Русе
300 ## - Физическа характеристика
Страници 48 с.
Размери/Мащаб 23 см
380 ## - Жанр
Жанр История
600 14 - Име на лице, използвано като предмет
За него / За нея Раковски, Георги Сава
9 (RLIN) 244444
650 #4 - Допълнително описание по предмет – тема
Основно описание – тема или топоним Революционери, български
9 (RLIN) 252105
650 #4 - Допълнително описание по предмет – тема
Основно описание – тема или топоним Раковски, Георги Сава
9 (RLIN) 244444
650 #4 - Допълнително описание по предмет – тема
Основно описание – тема или топоним Поети, български - биографии
9 (RLIN) 277817
651 #4 - Допълнително описание по предмет - топоним
Географско понятие България
9 (RLIN) 241624
653 ## - Ключова дума – ненормативна
Ключова дума революционери
653 ## - Ключова дума – ненормативна
Ключова дума литературно творчество
653 ## - Ключова дума – ненормативна
Ключова дума Георги Сава Раковски
653 ## - Ключова дума – ненормативна
Ключова дума българска литература
653 ## - Ключова дума – ненормативна
Ключова дума българска история
653 ## - Ключова дума – ненормативна
Ключова дума биографии
659 ## - Тематичен бюлетин
Тематичен бюлетин К
659 ## - Тематичен бюлетин
Тематичен бюлетин Ц
700 1# - Други автори (авторска отговорност)
Лично име Адженов, Иван Попалексов, 1835-1903
Пълна форма на името Хаджиенов, Иван Попалексов
Автороска отговорност (Описва отношението между автора и произведението) наредил
9 (RLIN) 29611
760 1# - Описание на основната серия
Място на издаване, издател и година 1896
Страници - том 48 с.
Заглавие Свит. 1
852 ## - Местоположение
Форматна сигнатура Рб 896
852 ## - Местоположение
Форматна сигнатура К 94(497.2)"1856/1877"(092)/Р 31 Г
856 4# - Електронен адрес и достъп
Електронен формат pdf - файл
Инструкция (цена за достъп) 0.00
Права за достъп Достъп за регистрирани потребители
Име на файл Кратко обозрение върху литературната и обществената деятелност на Георги Сава Стойков Раковски Свит. 1
Път до файла /url/ http://185.138.176.146:18082/cgi-bin/koha/opac-retrieve-file.pl?id=4f68591ae4174a7828a8fb3ef951fe75
Допълнителна информация (Корица, съдържание, пълен текст, звуков файл, HTML файл) Електронна книга
Информация за съдържанието Кратко обозрение върху литературната и обществената деятелност на Георги Сава Стойков Раковски Свит. 1
999 ## - СИСТЕМНИ КОНТРОЛНИ НОМЕРА
Koha biblionumber 117269
Koha biblioitemnumber 117269
942 ## - АРТИКУЛИ
Вид на библиотечния материал Книги
Скрит в OPAC Не
Периодичен библиозапис Да
Koha issues (borrowed), all copies 1
944 ## - СЪЗДАВАНЕ И РЕДАКЦИЯ на ЗАПИСА
Създаване/Редакция Създаване
Дата на регистрацията/редакция 14.04.2011
Статус, дата на статуса Валя Йорданова
Служител, извършил регистрацията/редакцията 30558
944 ## - СЪЗДАВАНЕ И РЕДАКЦИЯ на ЗАПИСА
Създаване/Редакция Редакция
Дата на регистрацията/редакция 29.11.2013
Статус, дата на статуса ф / 13.04.2011
999 ## - СИСТЕМНИ КОНТРОЛНИ НОМЕРА
Koha biblioitemnumber 117269
999 ## - СИСТЕМНИ КОНТРОЛНИ НОМЕРА
Koha biblioitemnumber 117269
999 ## - СИСТЕМНИ КОНТРОЛНИ НОМЕРА
Koha biblioitemnumber 117269
999 ## - СИСТЕМНИ КОНТРОЛНИ НОМЕРА
Koha biblioitemnumber 117269
Наличности
Код за отписване Код за изгубен артикул Източник на класификационната схема Код за повреда Коз за рестрикции Код за отдаване Артикулен № Име на библиотеката - собственик Име на библиотеката, в която се намира в момента Статус (Текущо местоположение) Дата на вписване в системата Местоположение - отдел Цена в лева Инвентарен номер Систематично азбучна сигнатура Баркод Номер на екземпляра Цена в евро Служебна бележка Служебен тип на артикула
  Не е изгубен Universal Decimal Classification Не е повреден без рестрикции ползва се в читалня 189024 Регионална библиотека "Любен Каравелов" Русе Регионална библиотека "Любен Каравелов" Русе Краезнание 1896-01-01 Краезнание 0.06 5500 К 94(497.2)"1856/1877"(092)/Р 31 Г 900000097161 1 0.03 Дост: Pk Вид: Сф N: стар фонд Дата: 01.01.1896 Дата инв: 17.11.2017 Бележки инв: К2017 Книги
Vip Innovations Ltd, Rousse, Bulgaria 2025